<?xml version="1.0" encoding="UTF-8"?>
<record
    xmlns:xsi="http://www.w3.org/2001/XMLSchema-instance"
    xsi:schemaLocation="http://www.loc.gov/MARC21/slim http://www.loc.gov/standards/marcxml/schema/MARC21slim.xsd"
    xmlns="http://www.loc.gov/MARC21/slim">

  <leader>01335nam0a2200301   4500</leader>
  <controlfield tag="001">RU\NLR\BIBL_A\011250331</controlfield>
  <controlfield tag="005">20250626033350.0</controlfield>
  <datafield tag="035" ind1=" " ind2=" ">
    <subfield code="a">(NLR Aleph) 011250331</subfield>
  </datafield>
  <datafield tag="090" ind1=" " ind2=" ">
    <subfield code="a">12163431</subfield>
    <subfield code="c">12163431</subfield>
  </datafield>
  <datafield tag="100" ind1=" " ind2=" ">
    <subfield code="a">20161019d1972    |||y0rusy50      ca</subfield>
  </datafield>
  <datafield tag="101" ind1="0" ind2=" ">
    <subfield code="a">sah</subfield>
  </datafield>
  <datafield tag="102" ind1=" " ind2=" ">
    <subfield code="a">RU</subfield>
  </datafield>
  <datafield tag="105" ind1=" " ind2=" ">
    <subfield code="a">y   z   000 y</subfield>
  </datafield>
  <datafield tag="200" ind1="1" ind2=" ">
    <subfield code="a">&#x425;&#x43E;&#x440;&#x442;&#x443;&#x43E;&#x43F;&#x43F;&#x443;&#x439; &#x44B;&#x4BB;&#x44B;&#x44B;&#x442;&#x44B;&#x43D; &#x43A;&#x4E9;&#x440;&#x4AF;&#x4AF;-&#x445;&#x430;&#x440;&#x430;&#x439;&#x44B;&#x44B;</subfield>
    <subfield code="f">&#x41D;. &#x421;. &#x424;&#x451;&#x434;&#x43E;&#x440;&#x43E;&#x432;</subfield>
  </datafield>
  <datafield tag="210" ind1=" " ind2=" ">
    <subfield code="a">&#x42F;&#x43A;&#x443;&#x442;&#x441;&#x43A;&#x430;&#x439;</subfield>
    <subfield code="c">&#x421;&#x430;&#x445;&#x430; &#x441;&#x438;&#x440;&#x438;&#x43D;&#x44D;&#x44D;&#x495;&#x438; &#x43A;&#x438;&#x43D;&#x438;&#x433;&#x44D; &#x438;&#x437;&#x434;-&#x432;&#x43E;&#x442;&#x430;</subfield>
    <subfield code="d">1972</subfield>
  </datafield>
  <datafield tag="215" ind1=" " ind2=" ">
    <subfield code="a">9,[1] &#x441;.</subfield>
    <subfield code="d">14</subfield>
  </datafield>
  <datafield tag="225" ind1="1" ind2=" ">
    <subfield code="a">&#x425;&#x43E;&#x440;&#x442;&#x443;&#x43E;&#x43F;&#x43F;&#x443;&#x439;&#x443; &#x443;&#x43E;&#x43D;&#x43D;&#x430; &#x43E;&#x495;&#x43E;&#x440;&#x443;&#x43E;&#x442; &#x430;&#x4BB;&#x44B;&#x43D; &#x4AF;&#x4AF;&#x43D;&#x43D;&#x44D;&#x440;&#x44D;&#x44D;&#x447;&#x447;&#x438; &#x431;&#x438;&#x431;&#x43B;&#x438;&#x43E;&#x442;&#x435;&#x447;&#x43A;&#x430;&#x442;&#x430;</subfield>
  </datafield>
  <datafield tag="300" ind1=" " ind2=" ">
    <subfield code="a">&#x411;&#x435;&#x437; &#x442;&#x438;&#x442;. &#x43B;. &#x41E;&#x43F;&#x438;&#x441;&#x430;&#x43D;&#x43E; &#x43F;&#x43E; &#x43E;&#x431;&#x43B;.</subfield>
  </datafield>
  <datafield tag="309" ind1=" " ind2=" ">
    <subfield code="a">&#x412;&#x43B;&#x43E;&#x436;. &#x441; 13 &#x434;&#x440;. &#x43A;&#x43D;&#x438;&#x433;&#x430;&#x43C;&#x438; &#x432; &#x43C;&#x430;&#x43D;&#x436;&#x435;&#x442;&#x443; &#x441; &#x437;&#x430;&#x433;&#x43B;.: &#x410;&#x433;&#x43E;&#x440;&#x442;&#x435;&#x445;&#x43D;&#x438;&#x43A;&#x430;&#x495;&#x430; &#x443;&#x43E;&#x43D;&#x43D;&#x430; &#x4AF;&#x43B;&#x44D;&#x43D;&#x438; &#x44D;&#x440;&#x438;&#x439;&#x438;&#x433;&#x44D; &#x441;&#x4AF;&#x431;&#x44D;&#x43B;&#x44D;&#x440;</subfield>
  </datafield>
  <datafield tag="540" ind1="1" ind2=" ">
    <subfield code="a">&#x410;&#x433;&#x440;&#x43E;&#x442;&#x435;&#x445;&#x43D;&#x438;&#x43A;&#x430;&#x495;&#x430; &#x443;&#x43E;&#x43D;&#x43D;&#x430; &#x4AF;&#x43B;&#x44D;&#x43D;&#x438; &#x44D;&#x440;&#x438;&#x439;&#x438;&#x433;&#x44D; &#x441;&#x4AF;&#x431;&#x44D;&#x43B;&#x44D;&#x440;</subfield>
  </datafield>
  <datafield tag="541" ind1="1" ind2=" ">
    <subfield code="a">&#x423;&#x445;&#x43E;&#x434; &#x437;&#x430; &#x43F;&#x43E;&#x441;&#x435;&#x432;&#x430;&#x43C;&#x438; &#x43A;&#x430;&#x440;&#x442;&#x43E;&#x444;&#x435;&#x43B;&#x44F;</subfield>
    <subfield code="z">rus</subfield>
  </datafield>
  <datafield tag="606" ind1="1" ind2=" ">
    <subfield code="a">&#x41A;&#x430;&#x440;&#x442;&#x43E;&#x444;&#x435;&#x43B;&#x44C;</subfield>
    <subfield code="9">974472</subfield>
    <subfield code="3">RU\NLR\AUTH\66366015</subfield>
  </datafield>
  <datafield tag="686" ind1="1" ind2=" ">
    <subfield code="a">&#x41F;215.1-46</subfield>
  </datafield>
  <datafield tag="700" ind1=" " ind2="1">
    <subfield code="a">&#x424;&#x435;&#x434;&#x43E;&#x440;&#x43E;&#x432;</subfield>
    <subfield code="b">&#x41D;.&#x421;.</subfield>
    <subfield code="g">&#x41D;&#x438;&#x43A;&#x43E;&#x43B;&#x430;&#x439; &#x421;&#x442;&#x435;&#x43F;&#x430;&#x43D;&#x43E;&#x432;&#x438;&#x447;</subfield>
    <subfield code="4">070</subfield>
  </datafield>
  <datafield tag="852" ind1=" " ind2=" ">
    <subfield code="a">NLR</subfield>
    <subfield code="b">&#x41E;&#x41D;&#x41B;</subfield>
    <subfield code="j">&#x42F;&#x43A;&#x443;&#x442;./2-1870</subfield>
  </datafield>
  <datafield tag="942" ind1=" " ind2=" ">
    <subfield code="c">BOOK</subfield>
  </datafield>
  <datafield tag="980" ind1=" " ind2=" ">
    <subfield code="a">NB</subfield>
  </datafield>
  <datafield tag="995" ind1=" " ind2=" ">
    <subfield code="5">2016-10-19</subfield>
    <subfield code="b">NLR01</subfield>
    <subfield code="c">NLR01</subfield>
    <subfield code="e">ONL</subfield>
    <subfield code="f">1-1441811</subfield>
    <subfield code="k">&#x41E;&#x41D;&#x41B; &#x42F;&#x43A;&#x443;&#x442;./2-1870</subfield>
    <subfield code="o">0</subfield>
    <subfield code="r">BOOK</subfield>
    <subfield code="s">_21870</subfield>
  </datafield>
</record>
